Hỏi đáp về kỹ thuật nuôi trồng hoa và cây cảnh

Gồm 72 câu hỏi đáp về kĩ thuật nuôi trồng hoa, cây cảnh ngoài trời (cây bụi, cây thân gỗ) và phương pháp phòng trừ sâu bệnh

Uloženo v:
Podrobná bibliografie
Hlavní autor: Qing Hai, Jiang
Korporativní autor: 400 câu hỏi đáp về nuôi trồng hoa và cây cảnh
Další autoři: Jiang Qing Hai; Trần Văn Mão
Jazyk:Undetermined
Vydáno: Hà Nội Nông nghiệp 2004
Témata:
Tagy: Přidat tag
Žádné tagy, Buďte první, kdo otaguje tento záznam!
Thư viện lưu trữ: Trung tâm Học liệu Trường Đại học Trà Vinh
LEADER 00952nam a2200253Ia 4500
001 TVU_2155
008 210423s9999 xx 000 0 und d
041 |a Vie 
082 |a 630 
082 |b H103/T3 
100 |a Qing Hai, Jiang 
245 0 |a Hỏi đáp về kỹ thuật nuôi trồng hoa và cây cảnh 
245 0 |c Jiang Qing Hai ; Trần Văn Mão (biên dịch) 
260 |a Hà Nội 
260 |b Nông nghiệp 
260 |c 2004 
300 |a 84 tr. 
300 |c 21cm 
520 |a Gồm 72 câu hỏi đáp về kĩ thuật nuôi trồng hoa, cây cảnh ngoài trời (cây bụi, cây thân gỗ) và phương pháp phòng trừ sâu bệnh 
650 |a Cây cảnh; Cây hoa; Hỏi và đáp; Nghề làm vườn cảnh 
700 |a Jiang Qing Hai; Trần Văn Mão  
700 |e biên dịch 
710 |a 400 câu hỏi đáp về nuôi trồng hoa và cây cảnh 
980 |a Trung tâm Học liệu Trường Đại học Trà Vinh